000 00318nam a22001337a 4500
003 SGT
020 _a97815-43343-32-8
100 _aAHIRRAO, R. A
245 _aFUNDAMENTAL OF HOSPITAL & CLINICAL PHARMACY
250 _a1st
260 _aS. VIKASH PUB.
_bPUNJAB
_c2019
650 _a HOSPITAL,CLINICAL
942 _2ddc
_cBK
999 _c24700
_d24700